| 000 | 00432nam a2200193Ia 4500 | ||
|---|---|---|---|
| 005 | 20240823050603.0 | ||
| 008 | 240823s9999||||xx |||||||||||||| ||und|| | ||
| 020 | _a023060807-4 | ||
| 041 | _aENGLISH | ||
| 082 | _A425 Q3 | ||
| 100 | _aBhatnagar R P | ||
| 245 | 0 | _aEnglish Competitive Examinations | |
| 250 | _a3rd | ||
| 260 |
_c2013 _bMacm |
||
| 500 | _aYES | ||
| 650 |
_aEnglish _bEnglish |
||
| 942 | _cBK | ||
| 999 |
_c217597 _d217597 |
||